<?xml version="1.0" encoding="UTF-8"?>
<record
    xmlns:xsi="http://www.w3.org/2001/XMLSchema-instance"
    xsi:schemaLocation="http://www.loc.gov/MARC21/slim http://www.loc.gov/standards/marcxml/schema/MARC21slim.xsd"
    xmlns="http://www.loc.gov/MARC21/slim">

  <leader>01206nam a2200265 i 4500</leader>
  <controlfield tag="001">31054</controlfield>
  <controlfield tag="003">ES-MaACL</controlfield>
  <controlfield tag="005">20250818054942.0</controlfield>
  <controlfield tag="007">t|</controlfield>
  <controlfield tag="008">030128s1944    sp a         |||| | spa d</controlfield>
  <datafield tag="080" ind1=" " ind2=" ">
    <subfield code="a">821.133.1-22"19"</subfield>
  </datafield>
  <datafield tag="100" ind1="1" ind2=" ">
    <subfield code="a">Baty, Gaston.</subfield>
    <subfield code="9">26497</subfield>
  </datafield>
  <datafield tag="245" ind1="1" ind2="0">
    <subfield code="a">Dulcinea </subfield>
    <subfield code="b">: [tragicomedia en dos partes y ocho cuadros] / </subfield>
    <subfield code="c">Gast&#xF3;n Baty ; versi&#xF3;n espa&#xF1;ola de Huberto P&#xE9;rez de la Ossa.</subfield>
  </datafield>
  <datafield tag="250" ind1=" " ind2=" ">
    <subfield code="a">Ed. con il. </subfield>
    <subfield code="b">especialmente autorizada por el trad.</subfield>
  </datafield>
  <datafield tag="260" ind1=" " ind2=" ">
    <subfield code="a">[Madrid] : </subfield>
    <subfield code="b">Gredos, </subfield>
    <subfield code="c">1944 (</subfield>
    <subfield code="f">Tip. Cl&#xE1;sica Espa&#xF1;ola)</subfield>
  </datafield>
  <datafield tag="300" ind1=" " ind2=" ">
    <subfield code="a">166 p., [3] h. de l&#xE1;m. ; </subfield>
    <subfield code="c">17 cm.</subfield>
  </datafield>
  <datafield tag="594" ind1=" " ind2=" ">
    <subfield code="a">"Estrenada en el Teatro Mar&#xED;a Guerrero, de Madrid, por la Compa&#xF1;&#xED;a del Teatro Nacional, en diciembre de 1941"</subfield>
  </datafield>
  <datafield tag="600" ind1="1" ind2="7">
    <subfield code="a">Cervantes Saavedra, Miguel de,</subfield>
    <subfield code="d">1547-1616-</subfield>
    <subfield code="x">Personajes</subfield>
    <subfield code="2"></subfield>
    <subfield code="9">158912</subfield>
  </datafield>
  <datafield tag="600" ind1="1" ind2="7">
    <subfield code="a">Cervantes Saavedra, Miguel de,</subfield>
    <subfield code="d">1547-1616-</subfield>
    <subfield code="x">Personajes</subfield>
    <subfield code="2"></subfield>
    <subfield code="9">158912</subfield>
  </datafield>
  <datafield tag="600" ind1="1" ind2="7">
    <subfield code="a">Cervantes Saavedra, Miguel de,</subfield>
    <subfield code="d">1547-1616. </subfield>
    <subfield code="t">Don Quijote de la Mancha-</subfield>
    <subfield code="x">Adaptaciones teatrales</subfield>
    <subfield code="2"></subfield>
    <subfield code="9">158872</subfield>
  </datafield>
  <datafield tag="650" ind1=" " ind2="7">
    <subfield code="a">Dulcinea (Personaje de ficci&#xF3;n)</subfield>
    <subfield code="2">embne</subfield>
    <subfield code="9">158913</subfield>
  </datafield>
  <datafield tag="700" ind1="1" ind2=" ">
    <subfield code="a">P&#xE9;rez de la Ossa, Huberto,</subfield>
    <subfield code="d">1897-1983</subfield>
    <subfield code="9">90784</subfield>
  </datafield>
  <datafield tag="852" ind1=" " ind2=" ">
    <subfield code="a">ES-MaACL</subfield>
    <subfield code="j">B-10109</subfield>
  </datafield>
  <datafield tag="999" ind1=" " ind2=" ">
    <subfield code="c">31054</subfield>
    <subfield code="d">31054</subfield>
  </datafield>
  <datafield tag="952" ind1=" " ind2=" ">
    <subfield code="0">0</subfield>
    <subfield code="1">0</subfield>
    <subfield code="4">0</subfield>
    <subfield code="7">0</subfield>
    <subfield code="a">ATENEOM</subfield>
    <subfield code="b">ATENEOM</subfield>
    <subfield code="c">SPB</subfield>
    <subfield code="d">2008-01-17</subfield>
    <subfield code="e">SC</subfield>
    <subfield code="l">0</subfield>
    <subfield code="o">B-10109</subfield>
    <subfield code="p">1032081</subfield>
    <subfield code="r">2023-02-23 00:00:00</subfield>
    <subfield code="w">2023-02-23</subfield>
    <subfield code="y">MONOGRAFIA</subfield>
  </datafield>
</record>
